5 największych wysp na oceanie atlantyckim - Statystyki

Ogólne statystyki
  • Ten quiz został rozwiązany 17 razy
  • Średni wynik to 2 z 5
Statystyki odpowiedzi
Państwo Wyspa % Poprawnych
Dania Grenlandia
100%
Kuba Kuba
63%
Wielka brytania Brytania
44%
Kanada Nowa Fundlandia
25%
Norwegia Spitsbergen
6%
Nie znaleziono quizów pasujących do podanych kryteriów
Rozkład punktacji
Procent ludzi z każdym wynikiem
Percentyl według liczby udzielonych odpowiedzi
Twoja historia wyników
Nie rozwiązałeś tego quizu